Подробности
| 000 -МАРКЕР |
| контрольное поле |
01709nam0a22003011 4500 |
| 001 - ИДЕНТИФИКАТОР ЗАПИСИ |
| контрольное поле |
v19\rc\1675435 |
| 005 - ИДЕНТИФИКАТОР ВЕРСИИ |
| контрольное поле |
20150702135110.0 |
| 035 ## - ДРУГИЕ СИСТЕМНЫЕ НОМЕРА |
| Идентификатор записи |
(NLR Aleph) 004782219 |
| 100 ## - ДАННЫЕ ОБЩЕЙ ОБРАБОТКИ |
| Данные общей обработки |
20061002d1894 |||y0rusy50 ca |
| 101 0# - ЯЗЫК РЕСУРСА |
| Язык текста, звукозаписи и т.д. |
русский |
| -- |
древнеболгарский, староболгарский, старославянский, церковнославянский |
| 102 ## - СТРАНА ПУБЛИКАЦИИ ИЛИ ПРОИЗВОДСТВА |
| Страна публикации |
Российская Федерация |
| 105 ## - ПОЛЕ КОДИРОВАННЫХ ДАННЫХ: ТЕКСТОВЫЕ МАТЕРИАЛЫ, МОНОГРАФИЧЕСКИЕ |
| Кодированные данные о монографическом текстовом документе |
y ej ||||| |
| 200 1# - ЗАГЛАВИЕ И СВЕДЕНИЯ ОБ ОТВЕТСТВЕННОСТИ |
| Основное заглавие |
Словарь церковнославянского языка нового периода на Новый Завет, Псалтирь, богослужебные каноны и те отрывки из иных книг Ветхого Завета, какие помещены в учебных книгах по церковнославянскому языку Н. Ильминского, С. Грушевского и других |
| Сведения, относящиеся к заглавию |
Пособие для учителей нач. нар. уч-щ, церк.-приход. шк. и учеников тех. учеб. заведений, в которых преподается церковнославянский яз. нового периода |
| Первые сведения об ответственности |
Сост. Н. Лозанов |
| 210 ## - ПУБЛИКАЦИЯ, РАСПРОСТРАНЕНИЕ И ДР. |
| Место издания, распространения и т.д. |
Самара |
| Имя издателя, распространителя и т. д. |
Паровая типо-лит. Жданова |
| Дата издания, распространения и т.д. |
1894 |
| 215 ## - ФИЗИЧЕСКАЯ ХАРАКТЕРИСТИКА |
| Специфическое обозначение материала и объем |
[2], IV, 77 с. |
| Размеры |
24 |
| 700 #1 - ИМЯ ЛИЦА - ПЕРВИЧНАЯ ОТВЕТСТВЕННОСТЬ |
| Начальный элемент ввода |
Лозанов |
| Часть имени, кроме начального элемента ввода |
Н. Н. |
| Даты |
1859- |
| Расширение инициалов личного имени |
Николай Николаевич |
| Код отношения |
Составитель |
| 702 #1 - ИМЯ ЛИЦА - ВТОРИЧНАЯ ОТВЕТСТВЕННОСТЬ |
| Начальный элемент ввода |
Ильминский |
| Часть имени, кроме начального элемента ввода |
Н. И. |
| Даты |
1822-1892 |
| Расширение инициалов личного имени |
Николай Иванович |
| Идентификатор авторитетной/нормативной записи |
RU\NLR\AUTH\770146436 |
| Код отношения |
Прочие |
| 702 #1 - ИМЯ ЛИЦА - ВТОРИЧНАЯ ОТВЕТСТВЕННОСТЬ |
| Начальный элемент ввода |
Грушевский |
| Часть имени, кроме начального элемента ввода |
С. Ф. |
| Даты |
-1901 |
| Расширение инициалов личного имени |
Сергей Федорович |
| Код отношения |
Прочие |
| 801 #0 - ИСТОЧНИК ЗАПИСИ |
| Страна |
Российская Федерация |
| Организация |
NLR |
| Правила каталогизации |
psbo |
| 801 #0 - ИСТОЧНИК ЗАПИСИ |
| Страна |
Российская Федерация |
| Организация |
RuMoRGB |
| Источник данных |
psbo |
| 801 #1 - ИСТОЧНИК ЗАПИСИ |
| Страна |
Российская Федерация |
| Организация |
ProSoft-M |
| Источник данных |
rusmarc |
| 852 ## - МЕСТОНАХОЖДЕНИЕ И ШИФР ХРАНЕНИЯ |
| Идентификатор организации |
NLR |
| Шифр хранения (Call Number) |
18.226.8.349 |
| 899 ## - ДАННЫЕ О МЕСТОНАХОЖДЕНИИ (устаревшее) |
| Местонахождение |
RuMoRGB |
| Шифр хранения |
A 218/1518 |
| 899 ## - ДАННЫЕ О МЕСТОНАХОЖДЕНИИ (устаревшее) |
| Местонахождение |
БАН |
| 942 ## - ДОПОЛНИТЕЛЬНЫЕ ЭЛЕМЕНТЫ ЗАПИСИ (АБИС) |
| Тип экземпляра АБИС |
Книга |
| 980 ## - КОЛЛЕКЦИЯ |
| Название коллекции |
Национальная библиография |